| 000 | 00356nam a2200157Ia 4500 | ||
|---|---|---|---|
| 003 | Ost | ||
| 005 | 20260225132558.0 | ||
| 008 | 260225s9999||||xx |||||||||||||| ||und|| | ||
| 040 | _cfsic | ||
| 041 | _afre | ||
| 082 | _a658.4 | ||
| 100 |
_aDenis polletier _eAuteur |
||
| 245 | 0 | _ale défi de la décision / | |
| 245 | 0 | _cDenis polletier | |
| 942 | _cكتاب | ||
| 999 |
_c34608 _d34608 |
||